| 000 | 00336nam a22001097a 4500 | ||
|---|---|---|---|
| 008 | 230313b |||||||| |||| 00| 0 eng d | ||
| 040 |
_aNational Science Library _cNational Science Library |
||
| 245 | _aSITRA news letter | ||
| 260 |
_aCoimbatore: _bThe South India Textile Research Association, _c1964 |
||
| 310 | _aBi-monthly | ||
| 942 | _cCR | ||
| 999 |
_c7870 _d7870 |
||